[Event "Come-on Big Guys:Chess it up!"]
[Site "SchemingMind.com"]
[Date "2006.09.29"]
[Round "-"]
[White "sidra"]
[Black "lea_dc"]
[Result "0-1"]
[WhiteCountry "HUN"]
[BlackCountry "ARG"]
[WhiteElo "1587"]
[WhiteRD "80"]
[BlackElo "1712"]
[BlackRD "95"]
[GameID "69943"]

1. d4 d5 2. Nf3 Nf6 3. e3 e6 4. a3 c5 5. dxc5 Bxc5 6. b4 Be7 7. c3 O-O 8. Bd3 Nbd7 9. O-O Qc7 10. Re1 e5
11. Be2 b6 12. a4 Bb7 13. Bb2 Rac8 14. a5 Ne4 15. Ra3 bxa5 16. Rxa5 Ba8 17. Ba6 Bb7 18. Bxb7 Qxb7 19. Rxd5 Ndf6 20. Ra5 Rfd8
21. Qe2 Qb8 22. Rb5 Qc7 23. Nxe5 Bd6 24. f4 Bxe5 25. fxe5 Nd7 26. c4 Nf8 27. Rd5 Ne6 28. Rxd8+ Rxd8 29. Bc3 Rc8 30. c5 a5
31. Qc4 axb4 32. Bxb4 N4xc5 33. Bxc5 Qxc5 34. Qxc5 Rxc5 35. Nd2 Rxe5 36. Nf3 Re4 37. Kf2 g6 38. g3 f5 39. h4 Kg7 40. Rb1 Nc5
41. Rd1 Re8 42. Nh2 Ne4+ 43. Kf3 Nc3 44. Rd7+ Kg8 45. g4 Rf8 46. g5 Rf7 47. Rd3 Ne4 48. Kf4 Re7 49. Kf3 Kg7 50. Rd8 h6
51. Kf4 hxg5+ 52. hxg5 Ra7 53. Nf3 Nf2 54. Kg3 Ng4 55. Kf4 Ra4+ 56. Rd4 Ra3 57. e4 fxe4 58. Rxe4 Nf2 59. Re7+ Kf8 60. Re6 Nh3+
61. Ke4 Rxf3 62. Rf6+ Rxf6 63. gxf6 Kf7 64. Ke5 Nf2 65. Kf4 Kxf6 66. Kg3 Ne4+ 67. Kf4 Nd6 68. Kg4 Nf7 69. Kf4 g5+ 70. Kg4 Ne5+
71. Kg3 Kf5 72. Kf2 Kf4 73. Kg2 Kg4 74. Kh2 Kf3 75. Kg1 g4 76. Kf1 g3 77. Kg1 g2
0-1

[Event "Come-on Big Guys:Chess it up!"]
[Site "SchemingMind.com"]
[Date "2006.09.30"]
[Round "-"]
[White "lea_dc"]
[Black "sidra"]
[Result "1-0"]
[WhiteCountry "ARG"]
[BlackCountry "HUN"]
[WhiteElo "1712"]
[WhiteRD "95"]
[BlackElo "1587"]
[BlackRD "80"]
[GameID "69950"]

1. e4 e5 2. Nf3 d6 3. d4 exd4 4. Nxd4 Nf6 5. Nc3 c6 6. Be2 Be7 7. Be3 O-O 8. f3 b5 9. O-O h6 10. a3 a5
11. b4 a4 12. Qe1 Bb7 13. Qg3 Kh8 14. Nf5 Rg8 15. Qh3 Nh7 16. Bd4 f6 17. Qg3 Nd7 18. Nxd6 Bxd6 19. Qxd6 Nhf8 20. Rad1 Qc8
21. Be3 Kh7 22. Bd3 g6 23. Ne2 h5 24. Nf4 Ra6 25. Qd4 Ne5 26. Qc3 Nxd3 27. Rxd3 Nd7 28. Rfd1 Ne5 29. Rd6 Rf8 30. Nd3 Nxd3
31. R1xd3 Kg7 32. Rd7+ Rf7 33. Bh6+ Kxh6 34. Rxf7 c5 35. Rdd7 cxb4 36. Rh7+ Kg5 37. Qe3+ Kh4 38. Qf4#
1-0

[Event "Come-on Big Guys:Chess it up!"]
[Site "SchemingMind.com"]
[Date "2006.10.01"]
[Round "-"]
[White "paddyBosnian"]
[Black "Robert Pallett"]
[Result "0-1"]
[WhiteCountry "BIH"]
[BlackCountry "ENG"]
[WhiteElo "1870"]
[WhiteRD "83"]
[BlackElo "2279"]
[BlackRD "66"]
[GameID "70204"]

1. e4 c5 2. Nf3 d6 3. d4 cxd4 4. Nxd4 Nf6 5. Nc3 a6 6. Be2 g6 7. Be3 Bg7 8. O-O O-O 9. f4 Nbd7 10. Qd2 Qc7
11. f5 Nb6 12. Rad1 Bd7 13. Bh6 Qc5 14. Bxg7 Kxg7 15. Kh1 Rac8 16. Nb3 Qe5 17. Bd3 Na4 18. Nxa4 Bxa4 19. c3 Bc6 20. fxg6 hxg6
0-1

[Event "Come-on Big Guys:Chess it up!"]
[Site "SchemingMind.com"]
[Date "2006.10.02"]
[Round "-"]
[White "jjb091"]
[Black "echecs"]
[Result "1-0"]
[WhiteCountry "USA"]
[BlackCountry "ENG"]
[WhiteElo "1661"]
[WhiteRD "81"]
[BlackElo "1718"]
[BlackRD "61"]
[GameID "70205"]

1. e4 Nf6 2. e5 Nd5 3. d4 e6 4. Nf3 c5 5. c4 Nb6 6. d5 d6 7. exd6 Bxd6 8. Nc3 O-O 9. Be2 Re8 10. O-O N8d7
11. Re1 Nf6 12. Bg5 Be7 13. dxe6 Bxe6 14. b3 Qc7 15. Qc2 Rad8 16. Nb5 Qb8 17. Bd3 h6 18. Bh4 a6 19. Nc3 Bg4 20. Ne5 Rd4
21. Nxf7 Bh5 22. Bxf6 Bxf6 23. Bg6 Rxe1+ 24. Rxe1 Rh4 25. Nxh6+ gxh6 26. g3 Be5 27. Bxh5 Rxh5 28. Qg6+ Kf8 29. Qxh5 Nd7 30. Qf5+ Ke7
31. f4
1-0

[Event "Come-on Big Guys:Chess it up!"]
[Site "SchemingMind.com"]
[Date "2006.10.01"]
[Round "-"]
[White "Robert Pallett"]
[Black "paddyBosnian"]
[Result "1-0"]
[WhiteCountry "ENG"]
[BlackCountry "BIH"]
[WhiteElo "2279"]
[WhiteRD "66"]
[BlackElo "1870"]
[BlackRD "83"]
[GameID "70208"]

1. e4 c6 2. d4 d5 3. e5 Bf5 4. Be2 e6 5. Nf3 c5 6. Be3 Nc6 7. dxc5 Qa5+ 8. c3 Nge7 9. b4 Qc7 10. Na3 a6
11. Qa4 Qb8 12. Nd4 h6 13. O-O Bh7 14. c4 Nf5 15. Nxc6 bxc6 16. Qxc6+ Kd8 17. cxd5
1-0

[Event "Come-on Big Guys:Chess it up!"]
[Site "SchemingMind.com"]
[Date "2006.10.03"]
[Round "-"]
[White "echecs"]
[Black "jjb091"]
[Result "1-0"]
[WhiteCountry "ENG"]
[BlackCountry "USA"]
[WhiteElo "1718"]
[WhiteRD "61"]
[BlackElo "1661"]
[BlackRD "81"]
[GameID "70209"]

1. e4 c5 2. Nf3 d6 3. Bc4 Nf6 4. Nc3 a6 5. a3 b5 6. Ba2 Bb7 7. e5 dxe5 8. O-O Nbd7 9. Re1 e6 10. Nxe5 Bd6
11. Nxf7 Bxh2+ 12. Kxh2 Qc7+ 13. Kg1 Kxf7 14. Rxe6 c4 15. Re1 Rhe8 16. d3 Rad8 17. Rxe8 Rxe8 18. Be3 Qc6 19. Qf1 Ng4 20. dxc4 Nxe3
21. cxb5+ Kf8 22. bxc6 Nxf1 23. cxd7 Rd8 24. Rd1 Bc6 25. Kxf1 Ke7 26. Nd5+ Kf8 27. Nb6 Ke7 28. Bc4 Rb8 29. Bxa6 Rd8 30. Nc8+ Kf8
31. Nb6 Ke7 32. Bc8 Bb5+ 33. c4 Bc6 34. b4 Kf6 35. Rd6+
1-0

[Event "Come-on Big Guys:Chess it up!"]
[Site "SchemingMind.com"]
[Date "2006.10.05"]
[Round "-"]
[White "Ilang"]
[Black "Apocalypse"]
[Result "1/2-1/2"]
[WhiteCountry "HUN"]
[BlackCountry "USA"]
[WhiteElo "2168"]
[WhiteRD "76"]
[BlackElo "2295"]
[BlackRD "120"]
[GameID "70723"]

1. e4 c5 2. c3 Nf6 3. e5 Nd5 4. Nf3 Nc6 5. Bc4 Nb6 6. Be2 d5 7. exd6 Qxd6 8. d4 cxd4 9. cxd4 Bf5 10. Nc3 e6
11. O-O Be7 12. Bd3 Bg4 13. Be3 O-O 14. Nb5 Qd8 15. h3 Bh5 16. Be2 Nd5 17. Nc3 Rc8 18. Rc1 Qd6 19. Nxd5 Qxd5 20. Qa4 a6
21. Rfe1 Nb4 22. Rxc8 Rxc8 23. a3 b5 24. Qa5 Nc2 25. Rc1 Rc6 26. Qd2 Nxe3 27. fxe3= f6 28. Rxc6 Qxc6 29. Ne5 fxe5 30. Bxh5 Qd6
31. Bf3 exd4 32. exd4 Bf6 33. d5 Kf8=
1/2-1/2

[Event "Come-on Big Guys:Chess it up!"]
[Site "SchemingMind.com"]
[Date "2006.10.05"]
[Round "-"]
[White "jake"]
[Black "Kenny Elliott"]
[Result "0-1"]
[WhiteCountry "USA"]
[BlackCountry "USA"]
[WhiteElo "1167"]
[WhiteRD "129"]
[BlackElo "1525"]
[BlackRD "69"]
[GameID "70724"]

1. d3 e5 2. Nf3 Nc6 3. Bg5 Be7 4. Qd2 Bxg5 5. Nxg5 f6 6. Ne4 d5 7. Nxf6+ Nxf6 8. c4 d4 9. Qg5 O-O 10. Nd2 Be6
11. Nb3 Nb4 12. Qd2 Qe7 13. a3 Nc6 14. Rc1 Ng4 15. h3 Nxf2 16. Rh2 Qh4 17. g4 Nxg4+ 18. Kd1 Rxf1+ 19. Kc2 Rxc1+ 20. Kxc1 Nxh2
21. Nc5 Bxh3 22. Ne4 Rf8 23. b4 Rf1+ 24. Kc2 Bf5 25. Nc5 e4 26. Nxb7 exd3+
0-1

[Event "Come-on Big Guys:Chess it up!"]
[Site "SchemingMind.com"]
[Date "2006.10.05"]
[Round "-"]
[White "Apocalypse"]
[Black "Ilang"]
[Result "1-0"]
[WhiteCountry "USA"]
[BlackCountry "HUN"]
[WhiteElo "2295"]
[WhiteRD "120"]
[BlackElo "2168"]
[BlackRD "76"]
[GameID "70733"]

1. e4 e5 2. d4 exd4 3. c3 d5 4. exd5 Qxd5 5. cxd4 Nc6 6. Nf3 Bb4+ 7. Nc3 Nf6 8. Be2 O-O 9. O-O Qa5 10. Bd2 Bg4
11. a3 Bxc3 12. bxc3 Ne4 13. h3 Bf5 14. Nh4 Bd7 15. Qc2 Rfe8 16. Nf3 Bf5 17. Bd3 Nxd2 18. Qxd2 Rad8 19. Rfb1 Nxd4 20. cxd4 Qxd2
21. Nxd2 Bxd3 22. Rxb7 Rxd4 23. Rxa7 c6 24. a4 Kf8 25. Nb3 Rf4 26. a5 Re2 27. f3 Rb4 28. Nc1 Re1+ 29. Kf2 Rf1+ 30. Kg3 Rc4
31. Ra3 Rfxc1 32. Rxd3 g5 33. Rdd7 Rf4 34. h4 h6 35. a6 Ra1 36. hxg5 hxg5 37. Rdc7 Kg7 38. Rxc6 Rfa4 39. Rcc7 Rxa6 40. Rxf7+ Kg6
41. Rg7+ Kf5 42. Raf7+ Rf6 43. Rb7 Ra5 44. Rb8 Rh6 45. Rf8+ Ke6 46. Rb7 Rd5 47. Rb6+ Ke7 48. Rxh6 Kxf8 49. Rh7 Kg8 50. Rb7 Rc5
51. Kg4
1-0

[Event "Come-on Big Guys:Chess it up!"]
[Site "SchemingMind.com"]
[Date "2006.10.06"]
[Round "-"]
[White "Kenny Elliott"]
[Black "jake"]
[Result "1-0"]
[WhiteCountry "USA"]
[BlackCountry "USA"]
[WhiteElo "1525"]
[WhiteRD "69"]
[BlackElo "1167"]
[BlackRD "129"]
[GameID "70734"]

1. c4 d6 2. d4 Bf5 3. Nc3 e5 4. dxe5 dxe5 5. Qxd8+ Kxd8 6. e4 Bb4 7. exf5 Nf6 8. Bg5 Re8 9. O-O-O+ Kc8 10. Bxf6 gxf6
11. Nd5 Nc6 12. Nxf6 Rf8 13. Nxh7 Rg8 14. Nf6 Rg5 15. Nd5 Bc5 16. Bd3 Rxg2 17. Rf1 Nd4 18. h4 Nc6 19. h5 Rxf2 20. Rxf2 Bxf2
21. h6 Kd7 22. h7 Nb4 23. Nxb4 Be3+ 24. Kc2 c5 25. Nd5 Rh8 26. Ne2
1-0

[Event "Come-on Big Guys:Chess it up!"]
[Site "SchemingMind.com"]
[Date "2006.10.06"]
[Round "-"]
[White "cnbcad"]
[Black "Lee Shuck"]
[Result "1-0"]
[WhiteCountry "USA"]
[BlackCountry "ENG"]
[WhiteElo "1429"]
[WhiteRD "64"]
[BlackElo "1228"]
[BlackRD "70"]
[GameID "70869"]

1. e4 Nf6 2. e5 Ne4 3. d4 e6 4. Bd3 Ng5 5. Nf3 Be7 6. Nbd2 O-O 7. Nxg5 Bxg5 8. Bxh7+ Kxh7 9. Qh5+ Bh6 10. Nf3 Nc6
11. Bxh6 gxh6 12. h4 Nb4 13. Ng5+ Kh8 14. Qxh6+ Kg8 15. Qh7#
1-0

[Event "Come-on Big Guys:Chess it up!"]
[Site "SchemingMind.com"]
[Date "2006.10.06"]
[Round "-"]
[White "Lee Shuck"]
[Black "cnbcad"]
[Result "1-0"]
[WhiteCountry "ENG"]
[BlackCountry "USA"]
[WhiteElo "1228"]
[WhiteRD "70"]
[BlackElo "1429"]
[BlackRD "64"]
[GameID "70878"]

1. e4 e5 2. Nc3 Bc5 3. Bc4 Qf6 4. Qf3 Qxf3 5. Nxf3 Nf6 6. d3 d6 7. Ng5 d5 8. exd5 O-O 9. Be3 Bxe3 10. fxe3 Bg4
11. O-O Nbd7 12. d6 cxd6 13. Nb5 h6 14. Nxf7
1-0

[Event "Come-on Big Guys:Chess it up!"]
[Site "SchemingMind.com"]
[Date "2006.10.07"]
[Round "-"]
[White "mohamad_souza"]
[Black "bioniclime"]
[Result "1-0"]
[WhiteCountry "IRQ"]
[BlackCountry "USA"]
[WhiteElo "2024"]
[WhiteRD "99"]
[BlackElo "1766"]
[BlackRD "97"]
[GameID "71020"]

1. d4 Nf6 2. Nf3 g6 3. c4 d6 4. Nc3 Bg7 5. Bg5 O-O 6. e3 Bf5 7. Be2 Nbd7 8. Qb3 b6 9. O-O c5 10. Rad1 Rb8
11. Qa4 Qc7 12. Nb5 Qb7 13. Qxa7 Qxa7 14. Nxa7 Ra8 15. Nc6 Rfe8 16. a3 Nb8 17. Nxb8 Rexb8 18. Bd3 Bxd3 19. Rxd3 h6 20. Bxf6 Bxf6
21. Rb3 Ra5 22. h3 b5 23. dxc5 dxc5 24. Rc1 Kg7 25. e4 Ra4 26. e5 Bg5 27. Nxg5 hxg5 28. cxb5 c4 29. Rbc3 Rxb5 30. Rxc4 Rxc4
31. Rxc4 Rxb2 32. Rc7 Rb1+ 33. Kh2 Ra1 34. Ra7 Kf8 35. Kg3 Ke8 36. Kg4 Ra2 37. Kxg5 Rxf2 38. g4 Re2 39. Kf4 Rf2+ 40. Kg3 Re2
41. Ra5 Re3+ 42. Kg2 Kd7 43. h4 Ke6 44. h5 gxh5 45. gxh5 Re4 46. h6 Rh4 47. Kg3 Rh1 48. Kg4 Rg1+ 49. Kf4 Rf1+ 50. Kg5 Rg1+
51. Kf4 Rg8 52. h7 Rh8 53. Ra6+ Kd7 54. Rh6
1-0

[Event "Come-on Big Guys:Chess it up!"]
[Site "SchemingMind.com"]
[Date "2006.10.07"]
[Round "-"]
[White "bioniclime"]
[Black "mohamad_souza"]
[Result "0-1"]
[WhiteCountry "USA"]
[BlackCountry "IRQ"]
[WhiteElo "1766"]
[WhiteRD "97"]
[BlackElo "2024"]
[BlackRD "99"]
[GameID "71024"]

1. c4 e6 2. Nc3 d5 3. cxd5 exd5 4. d4 Nf6 5. g3 Bb4 6. Bd2 Nc6 7. Bg2 Nxd4 8. Rc1 c6 9. Qa4 a5 10. Nf3 Nxf3+
11. Bxf3 O-O 12. O-O Bh3 13. Bg2 Bxg2 14. Kxg2 Re8 15. Rfe1 Qb6 16. a3 Bd6 17. Bg5 Ne4 18. Nxe4 Rxe4 19. Qc2 Be5 20. b3 Bd6
21. Be3 Qc7 22. Bc5 Qe7 23. Bxd6 Qxd6 24. Qc5 Qxc5 25. Rxc5 a4 26. bxa4 Raxa4 27. Rb1 Rec4 28. Rxb7 g6 29. Rxc4 dxc4 30. Rb1 Rxa3
31. Rc1 c3 32. Kf1 f5 33. e3 Kf7 34. Ke2 Ke6 35. Kd3 Kd5 36. f3 c2+ 37. Kd2 Ra2 38. Kc3 c5 39. Kb3 Ra8 40. Rxc2 Re8
41. Rd2+ Kc6 42. Re2 Kb5 43. Kc3 Ra8 44. Rb2+ Kc6 45. e4 Ra3+ 46. Rb3 Rxb3+ 47. Kxb3 fxe4 48. fxe4 Kd6 49. Kc4 Ke5 50. Kxc5 Kxe4
51. Kd6 Kf3 52. Ke5 Kg2 53. g4 Kxh2 54. Kf4 Kh3 55. Kf3 g5
0-1

[Event "Come-on Big Guys:Chess it up!"]
[Site "SchemingMind.com"]
[Date "2006.10.23"]
[Round "-"]
[White "echecs"]
[Black "Kenny Elliott"]
[Result "1-0"]
[WhiteCountry "ENG"]
[BlackCountry "USA"]
[WhiteElo "1767"]
[WhiteRD "58"]
[BlackElo "1500"]
[BlackRD "69"]
[GameID "73193"]

1. e4 c5 2. Nc3 Nc6 3. Nf3 e5 4. Bb5 b6 5. d3 Bb7 6. Bxc6 Bxc6 7. Nxe5 Qc7 8. Nc4 O-O-O 9. Qf3 b5 10. Bf4 d6
11. Ne3 Nf6 12. a3 Qa5 13. O-O Kc7 14. Bg5 Be7 15. b4 Qb6 16. Bxf6 Bxf6 17. Ned5+ Bxd5 18. Nxd5+ Kc6 19. Nxb6 Bxa1 20. Rxa1 Kxb6
21. bxc5+ dxc5 22. Qxf7 Rd4 23. Qxg7 Rc8 24. Qxh7 Ra4 25. f4 b4 26. Qd7 Rc6 27. f5 bxa3 28. f6 a2 29. f7
1-0

[Event "Come-on Big Guys:Chess it up!"]
[Site "SchemingMind.com"]
[Date "2006.10.24"]
[Round "-"]
[White "Kenny Elliott"]
[Black "echecs"]
[Result "0-1"]
[WhiteCountry "USA"]
[BlackCountry "ENG"]
[WhiteElo "1500"]
[WhiteRD "69"]
[BlackElo "1767"]
[BlackRD "58"]
[GameID "73196"]

1. d4 e6 2. e4 Nf6 3. Nf3 Nxe4 4. Bd3 Nf6 5. Bg5 Be7 6. c4 d5 7. c5 Nc6 8. O-O b6 9. b4 bxc5 10. bxc5 O-O
11. Qc2 g6 12. Bh6 Re8 13. h3 Nb4 14. Qc3 a5 15. a3 Nxd3 16. Qxd3 Ba6 17. Qe3 Bxf1 18. Kxf1 Ne4 19. Nbd2 Nxd2+ 20. Qxd2 Bf6
21. Re1 Bg7 22. a4 Qd7 23. Ne5 Qxa4 24. Qg5 Qxd4 25. Ng4 Bxh6 26. Qxh6 a4 27. Ne5 a3 28. Nf3 Qg7 29. Qxg7+ Kxg7 30. Ra1 a2
0-1

[Event "Come-on Big Guys:Chess it up!"]
[Site "SchemingMind.com"]
[Date "2006.11.01"]
[Round "-"]
[White "Apocalypse"]
[Black "Robert Pallett"]
[Result "0-1"]
[WhiteCountry "USA"]
[BlackCountry "ENG"]
[WhiteElo "2261"]
[WhiteRD "112"]
[BlackElo "2298"]
[BlackRD "68"]
[GameID "73850"]

1. e4 c5 2. Nf3 Nc6 3. Bb5 e6 4. Bxc6 bxc6 5. d3 Ne7 6. Qe2 Ng6 7. h4 Qc7 8. h5 Nf4 9. Qf1 e5 10. Bxf4 exf4
11. Qe2 Rb8 12. e5 Rxb2 13. Nbd2 Rxc2 14. Qd1 Rb2 15. h6 Ba6 16. Nb3 c4 17. Qc1 Bb4+ 18. Kf1 c3 19. hxg7 Bxd3+ 20. Kg1 Rg8
21. Qxf4 Qb6 22. Nfd4 Rxg7 23. Rh3 Bb1 24. a3 Be7 25. Rxc3 c5 26. g3 cxd4 27. Rc8+ Bd8 28. Nc5 Rc2 29. Qxd4 Rc1+ 30. Kg2 Qb5
31. Kh2 Rg5 32. g4 Rg6
0-1

[Event "Come-on Big Guys:Chess it up!"]
[Site "SchemingMind.com"]
[Date "2006.11.01"]
[Round "-"]
[White "Robert Pallett"]
[Black "Apocalypse"]
[Result "1/2-1/2"]
[WhiteCountry "ENG"]
[BlackCountry "USA"]
[WhiteElo "2298"]
[WhiteRD "68"]
[BlackElo "2261"]
[BlackRD "112"]
[GameID "73856"]

1. e4 c5 2. Nf3 e6 3. d4 cxd4 4. Nxd4 a6 5. Bd3 Bc5 6. Nb3 Be7 7. O-O d6 8. f4 Nc6 9. Be3 Nf6 10. Nc3 O-O
11. a4 d5 12. e5 d4 13. exf6 Bxf6 14. Bxh7+ Kxh7 15. Qh5+ Kg8 16. Rad1 Qb6 17. Bf2 g6 18. Qf3 Bg7 19. Ne4 Rd8 20. Bh4 d3+
21. Kh1 Rd5 22. Rxd3 Rxd3 23. Qxd3 Nb4 24. Qe2 Nd5 25. Nec5 Qc7 26. Bg3 Qc6 27. c4 Ne7 28. a5 Nf5 29. Rd1 Nxg3+ 30. hxg3 Bf6
31. g4 b5 32. g5 Be7 33. cxb5 Qxb5 34. Qxb5 axb5 35. g3 Kg7 36. Ra1 f6 37. gxf6+ Bxf6 38. Ra2 e5= 39. Kg2 exf4 40. gxf4=
1/2-1/2

[Event "Come-on Big Guys:Chess it up!"]
[Site "SchemingMind.com"]
[Date "2006.11.27"]
[Round "-"]
[White "cnbcad"]
[Black "lea_dc"]
[Result "0-1"]
[WhiteCountry "USA"]
[BlackCountry "ARG"]
[WhiteElo "1519"]
[WhiteRD "56"]
[BlackElo "1698"]
[BlackRD "96"]
[GameID "78581"]

1. e4 c5 2. c4 d6 3. d3 Nc6 4. a3 g6 5. Nc3 Bg7 6. b4 Bxc3+ 7. Bd2 Bxa1 8. Qxa1 Nf6 9. Bg5 Ne5 10. Qc3 cxb4
11. axb4 O-O 12. Be2 Qc7 13. Nf3 Nxf3+ 14. Bxf3 Kg7 15. Qd2 Kg8 16. Bh6 Rd8 17. Qc3 e5 18. O-O Be6 19. Bg5 Kg7 20. Be2 h6
21. Be3 Ng4 22. Bd2 Qe7 23. d4 Qh4 24. Bxg4 Bxg4 25. dxe5 dxe5 26. Qxe5+ Qf6 27. Qg3 Rxd2 28. Qxg4 Rad8 29. c5 h5 30. Qg3 R2d3
31. f3 Qd4+
0-1

[Event "Come-on Big Guys:Chess it up!"]
[Site "SchemingMind.com"]
[Date "2006.11.27"]
[Round "-"]
[White "lea_dc"]
[Black "cnbcad"]
[Result "1-0"]
[WhiteCountry "ARG"]
[BlackCountry "USA"]
[WhiteElo "1702"]
[WhiteRD "97"]
[BlackElo "1455"]
[BlackRD "52"]
[GameID "78591"]

1. e4 e5 2. Nf3 Nc6 3. Bb5 d6 4. d4 Bd7 5. d5 Nd4 6. Bxd7+ Qxd7 7. Nxd4 exd4 8. Qxd4 Nf6 9. O-O Be7 10. c4 c5
11. dxc6 bxc6 12. Nc3 O-O 13. Be3 c5 14. Qd3 Qg4 15. f3 Qh5 16. Rfd1 Qe5 17. Rd2 Nh5 18. Rad1 Bg5 19. Bxg5 Qxg5 20. Nd5 Rae8
21. Qa3 Re6 22. Qxa7 f5 23. exf5 Rxf5 24. Kf1 Nf4 25. Nxf4 Rxf4 26. b3 Rg6 27. Qa8+ Rf8 28. Qd5+ Kh8 29. Qxg5 Rxg5 30. Rxd6 h6
31. Rd8 Rxd8 32. Rxd8+ Kh7 33. Rd5 Rg6 34. Rxc5
1-0

[Event "Come-on Big Guys:Chess it up!"]
[Site "SchemingMind.com"]
[Date "2006.12.21"]
[Round "-"]
[White "Ursus"]
[Black "mohamad_souza"]
[Result "0-1"]
[WhiteCountry "INT"]
[BlackCountry "IRQ"]
[WhiteElo "1688"]
[WhiteRD "70"]
[BlackElo "2003"]
[BlackRD "95"]
[GameID "82718"]

1. d4 e6 2. e3 d5 3. Bd3 Nf6 4. Nd2 c5 5. c3 Bd6 6. f4 Nc6 7. Ngf3 cxd4 8. cxd4 Ng4 9. Qe2 Bb4 10. h3 Nf6
11. O-O Qe7 12. Ne5 Bd7 13. g4 O-O-O 14. a3 Bd6 15. b4 h5 16. g5 Bxe5 17. fxe5 Ne8 18. b5 Qxg5+ 19. Kh2 Nxe5 20. dxe5 Qxe5+
21. Kh1 Qxa1 22. Nb3 Qe5 23. Bb2 Qg3 24. Rf3 Qg5 25. Rxf7 Nf6 26. Nd4 Qg3 27. Nf3 Qxh3+ 28. Kg1 Qg4+ 29. Kf1 Rdf8 30. Be5 Rxf7
31. Qc2+ Bc6 32. bxc6 Qxf3+ 33. Ke1 Qxe3+ 34. Kd1 Qxe5 35. cxb7+ Kb8 36. Ba6 Rc7
0-1

[Event "Come-on Big Guys:Chess it up!"]
[Site "SchemingMind.com"]
[Date "2006.12.23"]
[Round "-"]
[White "mohamad_souza"]
[Black "Ursus"]
[Result "1/2-1/2"]
[WhiteCountry "IRQ"]
[BlackCountry "INT"]
[WhiteElo "2003"]
[WhiteRD "95"]
[BlackElo "1688"]
[BlackRD "70"]
[GameID "82727"]

1. d4 Nf6 2. Nf3 g6 3. c4 Bg7 4. Nc3 O-O 5. e4 d6 6. Be2 e5 7. d5 a5 8. Bg5 h6 9. Bh4 Na6 10. O-O Nc5
11. Nd2 Qe8 12. a3 a4 13. f3 Nh5 14. Nb5 Qd7 15. Qc2 Nf4 16. Rf2 c6 17. Nc3 g5 18. Bg3 Qe7 19. Bxf4 exf4 20. Rff1 f5
21. Rad1 Bd4+ 22. Kh1 Be3 23. Rfe1 Bf2 24. Rf1 Be3 25. Rfe1 Bf2=
1/2-1/2

[Event "Come-on Big Guys:Chess it up!"]
[Site "SchemingMind.com"]
[Date "2007.01.03"]
[Round "-"]
[White "lea_dc"]
[Black "Robert Pallett"]
[Result "0-1"]
[WhiteCountry "ARG"]
[BlackCountry "ENG"]
[WhiteElo "1702"]
[WhiteRD "97"]
[BlackElo "2312"]
[BlackRD "73"]
[GameID "84950"]

1. e4 c5 2. Nf3 d6 3. d4 cxd4 4. Nxd4 Nf6 5. Nc3 a6 6. Be2 e5 7. Nb3 Be6 8. Be3 Be7 9. f3 O-O 10. Qd2 a5
11. Qd3 a4 12. Nd2 a3 13. b3 Na6 14. Nc4 d5 15. Nxe5 Nb4 16. Qd2 d4 17. Nd5 Nfxd5 18. Bxd4 Bg5 19. f4 Bxf4
0-1

[Event "Come-on Big Guys:Chess it up!"]
[Site "SchemingMind.com"]
[Date "2007.01.22"]
[Round "-"]
[White "mohamad_souza"]
[Black "echecs"]
[Result "1/2-1/2"]
[WhiteCountry "IRQ"]
[BlackCountry "ENG"]
[WhiteElo "1942"]
[WhiteRD "84"]
[BlackElo "1788"]
[BlackRD "58"]
[GameID "88140"]

1. e4 e5 2. Nf3 Nf6 3. Nxe5 Qe7 4. d4 Nxe4 5. Bd3 d5 6. O-O Nd6 7. Nc3 Be6 8. Qh5 g6 9. Qf3 Bg7 10. Nxd5 Bxd5
11. Qxd5 O-O 12. Bd2 Nd7 13. Nxd7 Qxd7 14. Rae1 c6 15. Qc5 b6 16. Qb4 Nb7 17. Re7 Qc8 18. Qa4 a5 19. Qc4 Nd6 20. Qb3 b5
21. c3 Bf6 22. Re2 Rd8 23. f3 Nb7 24. Rfe1 Nd6 25. Bf4 Nf5 26. Rf2 Ng7 27. Bh6 Nh5 28. a4 Bh4 29. g3 bxa4 30. Qxa4 Nxg3
31. hxg3 Bxg3 32. Kg2 Bxf2 33. Kxf2 c5 34. Bg5 Rd5 35. Bf6 Rh5 36. Bf1 cxd4 37. Bxd4 h6 38. Qb3 Qf5 39. Bg2 Qg5 40. Kg1 Qg3
41. Re2 Rf5 42. Bf2 Qf4 43. Be3 Qg3 44. Rf2 Re8 45. Bd2 Rd8 46. Qc2 Kg7 47. c4 Rc8 48. Qc3+ Kh7 49. Re2 a4 50. Re7 Qd6
51. Re4 Rd8 52. Re2 Rh5 53. Be3 Qh2+ 54. Kf1 Rd1+ 55. Re1 Rxe1+ 56. Qxe1 Qe5 57. Qd2 Qe6 58. Qd3 Re5 59. Kf2 Qe7 60. f4 Qf6
61. Qd4 Qh4+ 62. Kf3 Qh5+ 63. Kg3 Ra5 64. c5 a3 65. bxa3 Rxa3 66. Bf3 Qf5 67. c6 Qe6 68. c7 Rxe3 69. Qxe3 Qxe3 70. c8=Q Qg1+
71. Kh3 Qf1+ 72. Kg3 Qg1+ 73. Bg2 Qe3+ 74. Bf3 Qe1+ 75. Kg2 Qd2+=
1/2-1/2

[Event "Come-on Big Guys:Chess it up!"]
[Site "SchemingMind.com"]
[Date "2007.01.23"]
[Round "-"]
[White "echecs"]
[Black "mohamad_souza"]
[Result "1/2-1/2"]
[WhiteCountry "ENG"]
[BlackCountry "IRQ"]
[WhiteElo "1796"]
[WhiteRD "61"]
[BlackElo "1939"]
[BlackRD "81"]
[GameID "88145"]

1. e4 e6 2. d4 d5 3. Nd2 c5 4. exd5 exd5 5. dxc5 Bxc5 6. Nb3 Bb6 7. Nf3 Bg4 8. Be2 Nc6 9. Bf4 Nf6 10. O-O O-O
11. c3 Re8 12. Qd3 Rc8 13. h3 Bh5 14. Rfe1 Ne4 15. Nbd4 Qf6 16. Be3 Nxd4 17. Bxd4 Bxd4 18. Qxd4 Rc5 19. Rac1 Qxd4 20. Nxd4 Bxe2
21. Rxe2 Rcc8 22. Rce1 Kf8 23. Nf5 g6 24. Nd4 Nd6 25. Rd1 Nc4 26. Rc2 Kg7 27. a4 a5 28. b3 Nb6 29. Nb5 Re7 30. Rd3 h6
31. Kh2 Rce8 32. Nd6 Rd8 33. Nb5 h5 34. Nd4 Rde8 35. Rg3 Rc7 36. Nb5 Rc6 37. Nd4 Rc7 38. Nf5+ Kf6 39. Nd6 Re6 40. Rf3+ Kg7
41. Nb5 Rce7 42. Nd4= Re1 43. Rg3 Kh6 44. Rd3 f5 45. h4 R1e4 46. Kh3 Nd7 47. Nf3 Nb6 48. Nd4 Re1 49. g3 R7e5 50. Nf3 R1e2
51. Rxe2 Rxe2 52. Kg2 Rb2 53. Nd4 Nd7 54. Ne6 Nf6 55. Nd4 Ne4 56. Rf3 b6 57. Kg1 Nd2 58. Rd3 Rb1+ 59. Kg2 Rb2 60. Ne6 Ne4
61. Rxd5 Rxf2+ 62. Kh3 Rf3 63. Rd8 Rxg3+ 64. Kh2 g5 65. Rh8+ Kg6 66. hxg5 Rxc3 67. Rh6+ Kf7 68. Nd8+ Ke8 69. g6 Kxd8 70. g7 Rg3
71. Rh8+ Kd7 72. g8=Q Rxg8 73. Rxg8 Nd2 74. Rg6 Kc7 75. Rf6 Nxb3 76. Rxf5 Nc5 77. Rf4 Ne6 78. Rc4+ Kd6 79. Kh3 Kd5 80. Rh4 Nc5
81. Rf4 Ke5 82. Rc4 Kd5 83. Rf4 Kc6 84. Kh4 Nxa4 85. Rxa4 Kb5 86. Ra1 a4 87. Kxh5 Kb4 88. Rb1+ Ka5 89. Kg4 b5 90. Kf3 a3
91. Ke3 Ka4 92. Kd3 a2 93. Ra1 Kb3 94. Rf1 b4 95. Kd4 Ka3 96. Kc4 b3 97. Rh1 b2 98. Rh3+ Ka4 99. Rh8 Ka5 100. Kc5 Ka6
101. Kc6 Ka7 102. Rh7+ Kb8 103. Rh8+ Ka7 104. Rh7+ Ka6 105. Rh8 Ka5 106. Kc5 Ka6 107. Kc6 Ka7
1/2-1/2

[Event "Come-on Big Guys:Chess it up!"]
[Site "SchemingMind.com"]
[Date "2007.05.20"]
[Round "-"]
[White "mohamad_souza"]
[Black "Robert Pallett"]
[Result "0-1"]
[WhiteCountry "IRQ"]
[BlackCountry "ENG"]
[WhiteElo "1928"]
[WhiteRD "81"]
[BlackElo "2289"]
[BlackRD "71"]
[GameID "105271"]

1. e4 c5 2. Bc4 e6 3. Nc3 Nc6 4. Nf3 a6 5. a4 Nf6 6. Qe2 Nd4 7. Nxd4 cxd4 8. Nd1 d5 9. exd5 Nxd5 10. Bxd5 Qxd5
11. O-O Be7 12. c4 Qf5 13. d3 O-O 14. b3 Bd7 15. Bb2 Bc6 16. Bxd4 Qg6 17. g3 Rad8 18. Qb2 Qh5 19. f4 Rxd4 20. Qc3 Rfd8
21. Nb2 Bc5 22. Rf2 Qh3 23. b4 Rxd3 24. Qe1 Qg2#
0-1